000 00643nam a22002057a 4500
005 20251108173400.0
008 250721s2005 xx 000 0 ara d
082 1 4 _a615.882/ناد
100 1 _aنادر، موسى
245 1 0 _aالتداوي بالعسل والبصل والثوم والحبة السوداء /
264 1 _aعمان :
_bدار الإسراء للنشر والتوزيع،
_c2005.
300 _a86ص.
650 1 7 _aالطب الشعبي
650 1 7 _aالثوم
650 1 7 _aالحبة السوداء
650 1 7 _aالعسل
650 1 7 _aالنباتات الطبية
942 _2ddc
_cBK
999 _c102589
_d102589